सामयिक प्रशासनिक कोश/ (Record no. 201569)
[ view plain ]
| 000 -LEADER | |
|---|---|
| fixed length control field | 00877nam a22001817a 4500 |
| 005 - DATE AND TIME OF LATEST TRANSACTION | |
| control field | 20240318161003.0 |
| 010 ## - LCCN (DPL NO) | |
| LC control number | HIN-127118 |
| 020 ## - INTERNATIONAL STANDARD BOOK NUMBER | |
| Terms of availability | 795.00 |
| International Standard Book Number | 9788171380961 |
| 035 ## - SYSTEM CONTROL NUMBER | |
| System control number | HN-99464 |
| 037 ## - SOURCE OF ACQUISITION | |
| Source of stock number/acquisition | DBAD/PUB |
| 082 ## - DEWEY DECIMAL CLASSIFICATION NUMBER | |
| Classification number | 350.003 |
| Edition number | 1 |
| 245 ## - TITLE STATEMENT | |
| Title | सामयिक प्रशासनिक कोश/ |
| Remainder of title | गोपीनाथ श्रीवास्तव द्वारा संपादित |
| 260 ## - PUBLICATION, DISTRIBUTION, ETC. (IMPRINT) | |
| Place of publication, distribution, etc | नई दिल्ली |
| Name of publisher, distributor, etc | सामयिक प्रकाशन |
| Date of publication, distribution, etc | 2023 |
| 270 ## - ADDRESS | |
| City | नई दिल्ली |
| Address | 3320-21,जटवाडा, नेताजी सुभाष मार्ग, दरियागंज |
| Postal code | 110002 |
| 300 ## - PHYSICAL DESCRIPTION | |
| Extent | 424पृष्ठ. |
| Dimensions | 23( सजिल्द) |
| 710 ## - ADDED ENTRY--CORPORATE NAME | |
| 9 (RLIN) | 63494 |
| Corporate name or jurisdiction name as entry element | गोपीनाथ श्रीवास्तव |
| Relator term | सम्पादक |
| 942 ## - ADDED ENTRY ELEMENTS (KOHA) | |
| Source of classification or shelving scheme | Dewey Decimal Classification |
| Item type | English Books |
| Call number suffix | सामयि |
| Classification part | 350.003 |
| Edition | 1 |
| Withdrawn status | Lost status | Not for loan | Collection code | Home library | Current library | Date acquired | Source of acquisition | Cost, normal purchase price | Full call number | Barcode | Copy number | Cost, replacement price | Koha item type |
|---|---|---|---|---|---|---|---|---|---|---|---|---|---|
| Non-fiction | Peshwa Road | Peshwa Road | 18/03/2024 | DBAD/PUB | 795.00 | सामयि 350.003 | HN-99464 | 1 | 795.00 | Hindi Books |
